| 000 | 00406nam a2200133Ia 4500 | ||
|---|---|---|---|
| 008 | 200924s9999 xx 000 0 und d | ||
| 020 | _a978-971-98-1188-6 | ||
| 100 | _aHansen, Don R. | ||
| 245 |
_cDon R. Hansen, Maryanne M. Mowen _aStrategic cost management/ |
||
| 260 |
_aManila: _bC&E Publishing _c2019 |
||
| 300 |
_avi, 490 pages _c25 cm. |
||
| 650 | _aCost accounting | ||
| 650 | _aManagerial accounting | ||
| 999 |
_c364469 _d364469 |
||